000 00854nas a2200289 4500
001 BR0304805
003 BR-BrBNA
005 20231205104118.0
007 ta
008 230509b bl.|||p| |||| 00| 00por d
040 _aBR-BrBNA
_bpor
_cBiblioteca Nacional de Agricultura
041 _a(Pt)
072 _aK50
100 1 _aLima, I.L. de
100 1 _aGarcia, J.N.
100 1 _aPiedade, S.M. de S.
245 1 _aRachaduras de extremidades de tora e suas implicações nas rachaduras da madeira serrada
650 _aEUCALIPTO
650 _aMADEIRA SERRADA
650 _aQUALIDADE
650 _aMODELO MATEMÁTICO
650 _aUMIDADE
650 _aMALFORMAÇÃO
773 0 _tScientia Forestalis (Brazil)
_xISSN 1413-9324
_g(Jun 2002), (no. 61) p. 13-24
_wBR0304805
909 _a202311
_bLúcia
_c55
_dLúcia Elande
942 _2AGRIS
_n0
_cANA
999 _c176433
_d176433